|
|
|
|
| LEADER |
00000nam2a2200000 4500 |
| 001 |
94462 |
| 005 |
20231031105647.0 |
| 035 |
|
|
|a (RuTPU)RU\TPU\book\101195
|
| 090 |
|
|
|a 94462
|
| 100 |
|
|
|a 20060411d1960 k y0rusy50 ca
|
| 101 |
0 |
|
|a rus
|
| 102 |
|
|
|a RU
|
| 105 |
|
|
|a a g 001zy
|
| 200 |
0 |
|
|a Т. 1: Теоретическое введение.Термодинамические свойства важнейших газов. Термодинамика цинка и его важнейших соединений
|
| 210 |
|
|
|d 1960
|
| 215 |
|
|
|a 231 с.
|c черт.
|
| 320 |
|
|
|a Библиогр.: с. 215-225.
|
| 461 |
|
1 |
|0 (RuTPU)RU\TPU\book\101746
|t Химическая термодинамика в цветной металлургии
|o справочное руководство: в 8 т.
|f Я. И. Герасимов, А. Н. Крестовников, А. С. Шахов
|v Т. 1: Теоретическое введение. Термодинамические свойства важнейших газов. Термодинамика цинка и его важнейших соединений
|d 1960-1974
|
| 610 |
1 |
|
|a химическая термодинамика
|
| 610 |
1 |
|
|a цветная металлургия
|
| 610 |
1 |
|
|a газы
|
| 610 |
1 |
|
|a термодинамические свойства
|
| 610 |
1 |
|
|a термодинамика
|
| 610 |
1 |
|
|a справочники
|
| 675 |
|
|
|a 621.7м2(035)
|v 3
|
| 801 |
|
1 |
|a RU
|b 63413507
|c 20060411
|g PSBO
|
| 801 |
|
2 |
|a RU
|b 63413507
|c 20160610
|g PSBO
|
| 942 |
|
|
|c BK
|